Statistics for Marvel Cast

Click here to take the quiz!

General Stats

  • This quiz has been taken 53 times
    (40 since last reset)
  • The average score is 19 of 33

Answer Stats

HintAnswer% Correct
Iron ManRobert Downey Jr.
97%
Black WidowScarlett Johansson
97%
Captain AmericaChris Evans
94%
Spider-ManTom Holland
94%
ThorChris Hemsworth
92%
LokiTom Hiddleston
89%
Bucky BarnesSebastian Stan
86%
HawkeyeJeremy Renner
83%
HulkMark Ruffalo
83%
Peter QuillChris Pratt
81%
Wanda MaximoffElizabeth Olsen
81%
FalconAnthony Mackie
78%
Captain MarvelBrie Larson
75%
Doctor StrangeBenedict Cumberbatch
72%
Nick FurySamuel Jackson
72%
Scott LangPaul Rudd
64%
Vision/J.A.R.V.I.SPaul Bettany
61%
Jane FosterNatalie Portman
53%
War MachineDon Cheadle
50%
Pepper PottsGwyneth Paltrow
50%
ThanosJosh Brolin
50%
Happy HoganJon Favreau
44%
HeimdallIdris Elba
36%
OdinAnthony Hopkins
31%
Maria HillCobie Smulders
31%
Peggy CarterHayley Atwell
31%
Darcy LewisKat Dennings
19%
Erik SelvigStellan Skarsgård
19%
Trever SlatteryBen Kingsley
14%
FriggaRene Russo
14%
T'ChallaChadwick Aaron Boseman
6%
Arnim ZolaToby Jones
6%
Thaddeus RossWilliam Hurt
6%

Score Distribution

Percentile by Number Answered

Percent of People with Each Score

Your Score History

You have not taken this quiz since the last reset